000 00616nam a2200193Ii 4500
003 JO-AjNU
008 230605s9999||||xx |||||||||||||| ||und||
040 _aJO-AjNU
_bara
_erda
_cJO-AjNU
041 _aara
050 1 4 _aDS38.3.N55 1979
100 3 _aتاليف الحديثي، نزار عبد اللطيف,
_eauthor
_97127
245 0 0 _aمحاضرات في التاريخ العربي
264 3 1 _aبغداد:جامعة بغداد، 1979
300 _a184ص
336 _atext
_btxt
_2rdacontent
337 _aunmediated
_bn
_2rdamedia
338 _avolume
_bnc
_2rdacarrier
650 4 _aعرب- تاريخ
_97128
999 _aA121
_c3689
_d3689